00869nam a2200241Ia 450000500170000000800410001704000190005804100120007708200170008910000190010624501380012525000270026326000360029030000150032650400500034163000310039165000170042265100420043985000100048194200070049199900160049895201130051420180820102550.0131103s9999 xx 000 0 und d aLoreto College aEnglish a342.954bAGA aAgarwal, R. C. aConstitutional development and national movement of Indiab history of freedom movement, acts and Indian constitution cR. C. Agarwal a8th ed., rev. & update aNew DelhibS. Chand & Co.c1988 axv,488 p.  aIncludes bibliographical references and index aIndia - Constitutional Law aConstitution aConstitutional and Administrative Law aLCLIB cBK c9277d59756 00102ddc4070aMAINbMAINd2013-11-04l1o342.954 AGA 38755pB9153r2014-11-10s2014-11-05w2013-11-04yBK